Sports Quiz

Random Sports or Clickable Quiz

Baseball Hall of Fame or Not? Quiz Stats

 Plays Quiz Updated Jan 21, 2016

Challenge
Share
Tweet
Embed
Score 0/35 Timer 01:30
11 Plays Today
% Correct
Lou Gehrig
95.9%
Ted Williams
95.6%
Reggie Jackson
95.5%
Bob Gibson
92.9%
Whitey Ford
91.7%
Lou Brock
91.7%
Willie McCovey
91.4%
Jim Palmer
89.7%
Al Kaline
89.3%
Bob Feller
89%
Pee Wee Reese
88.6%
Barry Larkin
88.3%
Andre Dawson
86.4%
Don Drysdale
86.3%
Paul Molitor
86.1%
Phil Rizzuto
85.6%
Don Sutton
84.6%
Rich Gossage
84.4%
% Correct
Jim Rice
83.8%
Fergie Jenkins
79.6%
Nellie Fox
77.2%
Ron Santo
75.3%
Enos Slaughter
74%
Robin Roberts
70.8%
Carl Hubbell
70.7%
Mordecai Brown
70.3%
Home Run Baker
69.3%
Goose Goslin
68%
Richie Ashburn
65.6%
Red Schoendienst
62.7%
Addie Joss
51.6%
Joe Sewell
49.6%
Oscar Charleston
45.1%
Turkey Stearnes
39.9%
Ray Brown
30%

You're not logged in!

Compare scores with friends on all Sporcle quizzes.
OR
Log In

You Might Also Like...

Show Comments

Extras

Top Quizzes Today


Score Distribution

Your Account Isn't Verified!

In order to create a playlist on Sporcle, you need to verify the email address you used during registration. Go to your Sporcle Settings to finish the process.

Report this User

Report this user for behavior that violates our Community Guidelines.

Details: